| 000 | 01111cam a2200325 a 4500 | ||
|---|---|---|---|
| 001 | 4020628 | ||
| 003 | OSt | ||
| 005 | 20210913115808.0 | ||
| 008 | 970121s1996 enka b 001 0 eng | ||
| 010 | _a 97106230 | ||
| 020 | _a072772519X | ||
| 038 | _akhadija | ||
| 040 |
_aDLC _cDLC _dDLC |
||
| 043 | _ae-uk--- | ||
| 050 | 0 | 0 |
_aTH443 _b.D38 1996 |
| 082 | 0 | 0 |
_a363.119690 _221 _bDAV |
| 100 | 1 |
_aDavies, V. J. _982409 |
|
| 245 | 1 | 0 |
_aConstruction Safety Handbook / _cV. J. Davies, K. Tomasin. |
| 250 | _a2nd ed. | ||
| 260 |
_aLondon, England : _bThomas Telford, _cc1996. |
||
| 300 |
_a303 p. : _bill. ; _c25 cm. |
||
| 504 | _aIncludes bibliographical references and index. | ||
| 563 | _ahardcover | ||
| 650 | 0 |
_aBuilding _xSafety measures _xStandards _zGreat Britain. _982410 |
|
| 650 | 0 |
_aConstruction industry _xSafety regulations _zGreat Britain. _982411 |
|
| 700 | 1 |
_aTomasin, K. _982412 |
|
| 906 |
_a7 _bcbc _corignew _d2 _encip _f19 _gy-gencatlg |
||
| 942 |
_2ddc _cBK |
||
| 999 |
_c32166 _d32166 |
||